000 00682nam a2200241 i 4500
001 bg
100 1 _aWIĘCKIEWICZ, Wojciech
245 1 0 _aZanurzenia statku w czasie eksploatacji /
_cWojciech Więckiewicz.
260 _aGdynia :
_bWydaw. Akademii Morskiej,
_c2004.
300 _a178 s. :
_bfaks., rys., tab., wykr. ;
_c25 cm.
504 _aBibliogr. s. 146.
650 9 _aHydrostatyka
650 9 _aStatki
_xmechanika
655 _aPodręczniki akademickie
015 _aPB 13182/2004
020 _a8387875791
040 _cBPK
041 0 _apol
080 _a629.5:532](075.8)
920 _a83-87875-79-1
942 _cKS
008 s pl f |000 0 pol
999 _c46705
_d46705
856 _uhttp://koha.tu.koszalin.pl/cgi-bin/koha/opac-detail.pl?biblionumber=46705
_yKatalog online BPK